Kopyrolýza polypropylénu s primárnym benzínom

Gespeichert in:
Bibliographische Detailangaben
1. Verfasser: Kondásová, Ildikó (Verfasst von)
Format: Manuskript Buch
Sprache:Slowakisch
Veröffentlicht: Bratislava : STU v Bratislave FCHPT, 2003
Ausgabe:Obháj.: 3.6.2003
Tags: Tag hinzufügen
Keine Tags, Fügen Sie das erste Tag hinzu!

MARC

LEADER 00000ntm a22000003a 4500
001 stu80892
005 20150617225640.6
008 030610s2003----xo------------------slo-d
040 |a STU  |b slo 
041 0 |a slo 
044 |a xo 
100 1 |a Kondásová, Ildikó  |4 aut 
245 1 |a Kopyrolýza polypropylénu s primárnym benzínom 
250 |a Obháj.: 3.6.2003 
260 |a Bratislava :  |b STU v Bratislave FCHPT,  |c 2003 
300 |a 106 s. Tab.,grafy,lit 
500 |a Odbor: Technológia ropy a petrochémia 
996 |b 284C030116  |c C*D13861  |l CCI  |s A  |a 24  |w stu80892_0001